<?xml version="1.0" encoding="UTF-8"?>
<marc:record xmlns:marc="http://www.loc.gov/MARC21/slim">
   <marc:leader>00000nam a2200000 a 4500</marc:leader>
   <marc:datafield ind1="1" ind2=" " tag="100">
      <marc:subfield code="a">Weber, Severine</marc:subfield>
      <marc:subfield code="4">aut</marc:subfield>
      <marc:subfield code="e">Verfasser/-in</marc:subfield>
   </marc:datafield>
   <marc:datafield ind1="1" ind2=" " tag="100">
      <marc:subfield code="a">Müller, Martin</marc:subfield>
      <marc:subfield code="4">aut</marc:subfield>
      <marc:subfield code="e">Verfasser/-in</marc:subfield>
   </marc:datafield>
   <marc:datafield ind1=" " ind2=" " tag="653">
      <marc:subfield code="a">Auvergne</marc:subfield>
   </marc:datafield>
   <marc:datafield ind1=" " ind2=" " tag="653">
      <marc:subfield code="a">Limousin</marc:subfield>
   </marc:datafield>
   <marc:datafield ind1=" " ind2=" " tag="653">
      <marc:subfield code="a">Zentralmassiv</marc:subfield>
   </marc:datafield>
   <marc:datafield ind1=" " ind2=" " tag="653">
      <marc:subfield code="a">Frankreich</marc:subfield>
   </marc:datafield>
   <marc:datafield ind1=" " ind2=" " tag="653">
      <marc:subfield code="a">2018</marc:subfield>
   </marc:datafield>
   <marc:datafield ind1=" " ind2=" " tag="653">
      <marc:subfield code="a">Softcover / Reisen/Reiseführer/Europa</marc:subfield>
   </marc:datafield>
   <marc:datafield ind1="0" ind2="0" tag="245">
      <marc:subfield code="a">Limousin &amp; Auvergne - Zentralmassiv Reiseführer Michael Müller Verlag</marc:subfield>
   </marc:datafield>
   <marc:datafield ind1="0" ind2="0" tag="245">
      <marc:subfield code="b">Individuell reisen mit vielen praktischen Tipps.</marc:subfield>
   </marc:datafield>
   <marc:datafield ind1="0" ind2="0" tag="245">
      <marc:subfield code="c">Severine Sand, Martin Müller</marc:subfield>
   </marc:datafield>
   <marc:datafield ind1=" " ind2="1" tag="264">
      <marc:subfield code="a">Erlangen</marc:subfield>
      <marc:subfield code="b">Michael Müller Verlag GmbH</marc:subfield>
      <marc:subfield code="c">2018</marc:subfield>
   </marc:datafield>
   <marc:datafield ind1=" " ind2=" " tag="250">
      <marc:subfield code="a">2. Auflage, revidierte Ausgabe</marc:subfield>
   </marc:datafield>
   <marc:datafield ind1="1" ind2=" " tag="520">
      <marc:subfield code="a">Angaben aus der Verlagsmeldung

Limousin &amp; Auvergne - Zentralmassiv Reiseführer Michael Müller Verlag : Individuell reisen mit vielen praktischen Tipps. / von Severine Weber, Martin Müller

Wer das grüne Herz Frankreichs und den Kern des Zentralmassivs entdecken möchte, sollte sein Fahrzeug in Richtung Auvergne und Limousin steuern. Hier gibt es nicht nur erlesene Käsesorten, edles Porzellan, feine Weine und authentische Granit-Häuschen mit Schieferdächern, sondern die vielfältigsten Landschaften und unberührte Natur: im Limousin die südfranzösisch anmutende Limousiner Riviera um Beaulieu-sur-Dordogne, den rauen Charme des Hochplateaus von Millevaches oder das romantische Creuse-Tal, das schon Künstler wie Claude Monet inspiriert hat.

Die Auvergne bietet ein noch gigantischeres Panorama, nicht nur wegen der bestens bekannten Vulkankette. Wie weiche Mooslandschaften, über die man sanft mit der Hand streicheln möchte, wirken die saftig grünen Berge im Cantal zuweilen - und sind doch ein veritables Hochgebirge, in dem sich schier unendliche Wandermöglichkeiten auftun.
</marc:subfield>
   </marc:datafield>
   <marc:datafield ind1=" " ind2=" " tag="020">
      <marc:subfield code="a">9783956545399</marc:subfield>
      <marc:subfield code="9">9783956545399</marc:subfield>
   </marc:datafield>
   <marc:datafield ind1=" " ind2=" " tag="020">
      <marc:subfield code="a">3956545397</marc:subfield>
      <marc:subfield code="9">3956545397</marc:subfield>
   </marc:datafield>
   <marc:datafield ind1=" " ind2=" " tag="041">
      <marc:subfield code="a">ger</marc:subfield>
   </marc:datafield>
   <marc:datafield ind1=" " ind2=" " tag="300">
      <marc:subfield code="a">511 Seiten</marc:subfield>
   </marc:datafield>
</marc:record>
